00218nam a2200085Ia 4500008004100000041000800041100001800049245002800067260003700095231107s2000 xx 000 0 und d aeng aMandy Southan aPainting Flower on Silk aGreat BritanbSearch Pressc2000